Lezioni e saggi di filosofia del diritto

Saved in:
Bibliografiske detaljer
Hovedforfatter: Filomusi Guelfi, Francesco (Author)
Format: Bog
Sprog:italiensk
Udgivet: Milán Dott. A. Giuffrè 1949
Serier:Pubblicazioni dell'Istituto di Filosofia del Diritto dell'Università di Roma, 10
Fag:
Tags: Tilføj Tag
Ingen Tags, Vær først til at tagge denne postø!

MARC

LEADER 00000nam a2200000 a 4500
001 UCS9679
003 CL-VaPUC
008 971121e19490000IT |||||||||||||||||ita|d
082 0 4 |a 340.1  |b FIL  |2 21 
100 0 |a Filomusi Guelfi, Francesco  |e author  |9 394949 
245 1 0 |a Lezioni e saggi di filosofia del diritto 
300 |a 214 p 
942 |c BK 
945 |d 19971121 00:00:00  |a cmena 
260 |a Milán  |b Dott. A. Giuffrè  |c 1949 
650 0 |a Filosofía del derecho   |9 255050 
650 0 |a Derecho positivo  |9 255911 
650 0 |a Positivismo  |9 269460 
650 0 |a Escuelas filosóficas   |9 266232 
650 0 |a Metafísica  |9 265649 
650 0 |a Obligaciones   |9 255578 
650 0 |a Derecho privado  |9 258243 
650 0 |a Derecho italiano  |9 385337 
583 |a last modification  |c 19971121 00:00:00  |k Rodrigo Vera 
490 0 |a Pubblicazioni dell'Istituto di Filosofia del Diritto dell'Università di Roma, 10 
999 |c 263440  |d 263438 
952 |0 0  |1 0  |4 0  |6 340_100000000000000_FIL_1949  |7 0  |8 A  |9 292761  |a BIBDER  |b BIBDER  |d 2019-11-19  |i 1904620  |o 340.1 FIL 1949  |p 1904620  |r 2019-11-19  |w 2019-11-19  |y BK  |k DER